Finančná kríza a jej dôsledky

Saved in:
Bibliographic Details
Main Author: Cmarik, Martin
Format: Software Book
Language:Slovak
Published: Bratislava STU FCHPT 2010
Online Access:View in OPAC
Tags: Add Tag
No Tags, Be the first to tag this record!

MARC

LEADER 00000nam a2200000 a 4500
005 20260127134053.0
007 co ugu
008 101022 2010 xo 000 0 slo d
035 |a vtls010182158 
039 9 |y 201010221121  |z mschk03 
040 |a STUSCHK1  |b slo  |c STUSCHK1  |e AACR2 
100 1 |a Cmarik, Martin 
245 1 |a Finančná kríza a jej dôsledky  |c Martin Cmarik 
260 |a Bratislava  |b STU FCHPT  |c 2010 
300 |a 1 elektronický disk 
500 |a Obháj.: 15.7. 2010 
500 |a Študijný program: automatizácia, informatizácia a manažment v chémii a potravinárstve 
500 |a Študijný odbor: 5.2.14 automatizácia, 5.2.52 priemyselné inžinierstvo 
500 |a Bakalárska práca na CD-ROMe 
500 |a FCHPT, Oddelenie manažmentu chemických a potravinárskych technológií 
500 |a Evidenčné číslo: 5415-49743 
910 |a SCHK95 
999 |c 3403  |d 3403